00000000cam 2200000zi 4500
0019.963099
003CaOODSP
00520260526154149
006m     o  d f      
007cr |n|||||||||
008260526t20152015oncbdo  ob   f000 0 eng d
040 |aCaOODSP|beng|erda|cCaOODSP
043 |an-cn---
0861 |aM183-2/7875E-PDF
1001 |aOldenborger, G. A. |q(Greg A.)|eauthor.
24510|aGeophysical surveys, permafrost conditions and infrastructure damage along the northern Yukon Alaska Highway / |cG.A. Oldenborger, A.-M. LeBlanc, C.W. Stevens, J. Chartrand and B. Loranger.
264 1|a[Ottawa] : |bGeological Survey of Canada, |c2015.
264 4|c©2015
300 |a1 online resource (59 pages) : |bmaps, graphs, photographs.
336 |atext|btxt|2rdacontent
337 |acomputer|bc|2rdamedia
338 |aonline resource|bcr|2rdacarrier
4901 |aOpen file ; |v7875
504 |aIncludes bibliographical references (pages 20-25).
650 0|aGeophysical surveys|zCanada, Northern.
650 0|aRoads|xEnvironmental aspects|zCanada, Northern.
650 0|aPermafrost |zCanada, Northern.
650 6|aLevés géophysiques|zCanada (Nord)
650 6|aRoutes|xAspect de l'environnement|zCanada (Nord)
650 6|aPergélisols|zCanada (Nord)
7102 |aGeological Survey of Canada, |eissuing body.
830#0|aOpen file (Geological Survey of Canada)|v7875.|w(CaOODSP)9.506878
85640|qPDF|s35.3 MB|uhttps://publications.gc.ca/collections/collection_2026/rncan-nrcan/m183-2/M183-2-7875-eng.pdf